[Event "Budapest SixDays 03 GM"]
[Site "Budapest"]
[Date "2024.03.30"]
[Round "1"]
[White "Mihok, Oliver"]
[Black "Horvath, Adam"]
[Result "1/2-1/2"]
[WhiteElo "2544"]
[BlackElo "2442"]
[PlyCount "61"]
[EventDate "2024.03.30"]
[EventType "tourn"]
[EventRounds "9"]
[EventCountry "HUN"]
[EventCategory "7"]
[SourceTitle "CB15_2024"]
[SourceDate "2024.04.10"]
[SourceVersion "1"]
[SourceVersionDate "2024.04.10"]
[SourceQuality "1"]

1. e4 c5 2. Nf3 e6 3. d4 cxd4 4. Nxd4 a6 5. c4 Nf6 6. Nc3 Qc7 7. a3 b6 8. f4 Bb7 9. Bd3 d6 10. 0-0 g6 11. Be3 Bg7 12. Rc1 0-0 13. g4 Nbd7 14. g5 Nh5 15. f5 exf5 16. Nxf5 Rae8 17. Nd5 Qb8 18. Nxg7 Nxg7 19. Bd4 Ne6 20. Bc3 Bxd5 21. exd5 Nxg5 22. Qg4 Qd8 23. h4 Ne5 24. Qxg5 Qxg5+ 25. hxg5 Nxd3 26. Rcd1 Nc5 27. b4 Ne4 28. Bf6 Rc8 29. Rd4 Rfe8 30. Kg2 b5 31. c5 1/2-1/2

[Event "HUN-ch"]
[Site "Budapest"]
[Date "2023.12.19"]
[Round "8"]
[White "Horvath, Adam"]
[Black "Dudin, Gleb"]
[Result "1-0"]
[WhiteElo "2439"]
[BlackElo "2545"]
[PlyCount "101"]
[EventDate "2023.12.12"]
[EventType "swiss"]
[EventRounds "9"]
[EventCountry "HUN"]
[SourceTitle "CB52_2023"]
[SourceDate "2023.12.27"]
[SourceVersion "1"]
[SourceVersionDate "2023.12.27"]
[SourceQuality "1"]

1. e4 c5 2. Nf3 e6 3. d4 cxd4 4. Nxd4 a6 5. Bd3 Bc5 6. Nb3 Ba7 7. 0-0 Nc6 8. c4 Nge7 9. Nc3 0-0 10. Qe2 Ne5 11. Be3 Bxe3 12. Qxe3 Qc7 13. Rac1 d6 14. Rfd1 Bd7 15. Be2 Rfd8 16. f4 N5g6 17. g3 Rac8 18. Rd2 Be8 19. h4 Nf8 20. Rcd1 h6 21. c5 dxc5 22. Rxd8 Rxd8 23. Rxd8 Qxd8 24. Qxc5 Nc6 25. Kf2 Nh7 26. e5 g5 27. hxg5 hxg5 28. Ke1 Ne7 29. Qd6 Qxd6 30. exd6 Nc8 31. Ne4 f5 32. Bc4 Bd7 33. Nbc5 fxe4 34. Nxd7 Nxd6 35. Bxe6+ Kg7 36. Ke2 Nf6 37. fxg5 Nh5 38. Nc5 Nxg3+ 39. Kf2 Nh5 40. Ke3 Kg6 41. Nxe4 Ng7 42. Nxd6 Nxe6 43. Nxb7 Kxg5 44. Ke4 Kf6 45. Kd5 Nf4+ 46. Kc4 Ke5 47. Nc5 a5 48. a4 Nd5 49. Nb7 Ne3+ 50. Kc5 Nd1 51. b3 1-0

[Event "HUN-ch"]
[Site "Budapest"]
[Date "2023.12.13"]
[Round "2"]
[White "Kozak, Adam"]
[Black "Horvath, Adam"]
[Result "1-0"]
[WhiteElo "2588"]
[BlackElo "2439"]
[PlyCount "91"]
[EventDate "2023.12.12"]
[EventType "swiss"]
[EventRounds "9"]
[EventCountry "HUN"]
[SourceTitle "CB52_2023"]
[SourceDate "2023.12.27"]
[SourceVersion "1"]
[SourceVersionDate "2023.12.27"]
[SourceQuality "1"]

1. e4 c5 2. Nf3 Nc6 3. h3 g6 4. Bc4 Bg7 5. c3 e6 6. 0-0 Nge7 7. Bb5 e5 8. d3 a6 9. Bc4 h6 10. Nbd2 0-0 11. a3 d6 12. b4 b5 13. Ba2 cxb4 14. axb4 Kh7 15. Re1 d5 16. Nb3 a5 17. bxa5 Nxa5 18. Ba3 Nac6 19. Qc1 dxe4 20. dxe4 Be6 21. Qb2 Qc8 22. Nbd2 Bxa2 23. Rxa2 Qe6 24. Raa1 Rab8 25. Nf1 Rfd8 26. Rab1 Nc8 27. Qe2 N6a7 28. Ne3 Nd6 29. Bxd6 Rxd6 30. Nd5 Qc8 31. Qe3 Rb7 32. Rb2 Bf8 33. Nxe5 Re6 34. Nf3 Nc6 35. Reb1 Ne7 36. Qd3 Bg7 37. Rxb5 Rxb5 38. Rxb5 Nxd5 39. exd5 Ra6 40. c4 Ra1+ 41. Kh2 Rc1 42. d6 Rxc4 43. d7 Qc7+ 44. g3 Bf6 45. Qd5 Kg7 46. Ne5 1-0

[Event "Budapest SixDays 11 GM"]
[Site "Budapest"]
[Date "2023.12.01"]
[Round "7"]
[White "Horvath, Adam"]
[Black "Domalchuk Jonasson, Aleksandr"]
[Result "1-0"]
[WhiteElo "2429"]
[BlackElo "2403"]
[PlyCount "61"]
[EventDate "2023.11.27"]
[EventType "tourn"]
[EventRounds "9"]
[EventCountry "HUN"]
[EventCategory "7"]
[SourceTitle "CB49_2023"]
[SourceDate "2023.12.06"]
[SourceVersion "1"]
[SourceVersionDate "2023.12.06"]
[SourceQuality "1"]

1. e4 e6 2. d4 d5 3. Nd2 c5 4. exd5 Qxd5 5. Ngf3 cxd4 6. Bc4 Qd7 7. Nb3 Nc6 8. Nbxd4 Nxd4 9. Nxd4 a6 10. Bf4 Nf6 11. 0-0 Be7 12. Re1 b5 13. Bb3 Bb7 14. a4 Nd5 15. Be5 0-0 16. Qd3 b4 17. Rad1 Rfd8 18. Qg3 g6 19. h4 h5 20. c4 bxc3 21. bxc3 Qe8 22. Bc2 Bf8 23. c4 Nb4 24. Qg5 Bg7 25. Bxg7 Kxg7 26. Bxg6 Rxd4 27. Bxf7+ Kxf7 28. Rxd4 Qc6 29. Qxh5+ Kf6 30. Rf4+ Ke7 31. Rf7+ 1-0

[Event "Budapest SixDays 11 GM"]
[Site "Budapest"]
[Date "2023.12.01"]
[Round "8"]
[White "Vaz, Ethan"]
[Black "Horvath, Adam"]
[Result "1-0"]
[WhiteElo "2396"]
[BlackElo "2429"]
[PlyCount "61"]
[EventDate "2023.11.27"]
[EventType "tourn"]
[EventRounds "9"]
[EventCountry "HUN"]
[EventCategory "7"]
[SourceTitle "CB49_2023"]
[SourceDate "2023.12.06"]
[SourceVersion "1"]
[SourceVersionDate "2023.12.06"]
[SourceQuality "1"]

1. e4 c5 2. Nf3 Nc6 3. d4 cxd4 4. Nxd4 Qc7 5. Nc3 e6 6. Be3 a6 7. g4 h6 8. Bg2 Ne5 9. f4 Nc4 10. Bc1 b5 11. 0-0 Bb7 12. Qd3 Rc8 13. a4 b4 14. Nce2 Nf6 15. b3 Na5 16. h3 Qb8 17. Bb2 Bc5 18. Kh1 Qa8 19. Ng3 d5 20. e5 Ne4 21. f5 0-0 22. fxe6 fxe6 23. Nxe6 Bf2 24. Nf5 d4 25. Nxf8 Rxf8 26. Ne7+ Kf7 27. Nf5 Kg8 28. Kh2 h5 29. Bxd4 hxg4 30. hxg4 Qe8 31. Bxe4 1-0

[Event "Budapest SixDays 11 GM"]
[Site "Budapest"]
[Date "2023.11.28"]
[Round "3"]
[White "Horvath, Adam"]
[Black "Srihari, LR."]
[Result "1-0"]
[WhiteElo "2429"]
[BlackElo "2460"]
[PlyCount "71"]
[EventDate "2023.11.27"]
[EventType "tourn"]
[EventRounds "9"]
[EventCountry "HUN"]
[EventCategory "7"]
[SourceTitle "CB49_2023"]
[SourceDate "2023.12.06"]
[SourceVersion "1"]
[SourceVersionDate "2023.12.06"]
[SourceQuality "1"]

1. e4 c6 2. d4 d5 3. e5 Bf5 4. h4 h5 5. Bg5 Qb6 6. Bd3 Bxd3 7. Qxd3 e6 8. Nd2 Qa6 9. c4 Nd7 10. Ngf3 Nh6 11. 0-0 Nf5 12. Qc3 dxc4 13. Nxc4 Nb6 14. Ne3 Ne7 15. Qc2 Ned5 16. Rfd1 Be7 17. Bxe7 Nxe7 18. Rd3 Nbd5 19. Ra3 Nxe3 20. fxe3 Qb6 21. Ng5 Nf5 22. Rf1 g6 23. Ne4 Qc7 24. Nf6+ Kf8 25. e4 Nh6 26. d5 exd5 27. exd5 Kg7 28. d6 Qb6+ 29. Kh1 Qb5 30. Raf3 Qxe5 31. Nd7 Qd4 32. Rf4 Qe3 33. Re4 Qg3 34. Rf3 Qxd6 35. Qc3+ Kg8 36. Rd3 1-0

[Event "Budapest SixDays 11 GM"]
[Site "Budapest"]
[Date "2023.11.28"]
[Round "2"]
[White "Srikant Koduri, Advaitt"]
[Black "Horvath, Adam"]
[Result "0-1"]
[WhiteElo "2281"]
[BlackElo "2429"]
[PlyCount "54"]
[EventDate "2023.11.27"]
[EventType "tourn"]
[EventRounds "9"]
[EventCountry "HUN"]
[EventCategory "7"]
[SourceTitle "CB49_2023"]
[SourceDate "2023.12.06"]
[SourceVersion "1"]
[SourceVersionDate "2023.12.06"]
[SourceQuality "1"]

1. d4 g6 2. Nf3 Bg7 3. Bf4 d6 4. e3 Nd7 5. h3 e5 6. Bh2 Nh6 7. Be2 0-0 8. 0-0 Kh8 9. a4 f5 10. a5 g5 11. c3 g4 12. hxg4 Nxg4 13. Bg3 f4 14. exf4 exf4 15. Bh4 Bf6 16. Bxf6+ Qxf6 17. Nbd2 Qh6 18. Bd3 Ndf6 19. Qb3 Rg8 20. Bc4 Rg5 21. Bf7 Bf5 22. Rae1 Rag8 23. g3 Qh3 24. Re2 Nxf2 25. Rfxf2 Rxg3+ 26. Rg2 Rxg2+ 27. Rxg2 Qxg2# 0-1

[Event "Budapest SixDays 08 GM-B"]
[Site "Budapest"]
[Date "2023.08.02"]
[Round "5"]
[White "Horvath, Adam"]
[Black "Ngo, Bach"]
[Result "1/2-1/2"]
[WhiteElo "2469"]
[BlackElo "2382"]
[PlyCount "36"]
[EventDate "2023.07.31"]
[EventType "tourn"]
[EventRounds "9"]
[EventCountry "HUN"]
[EventCategory "6"]
[SourceTitle "CBM 215 Extra"]
[Source "ChessBase"]
[SourceDate "2023.09.30"]
[SourceVersion "1"]
[SourceVersionDate "2023.09.30"]
[SourceQuality "1"]

1. e4 e5 2. Nf3 Nc6 3. Bb5 Nf6 4. d3 Bc5 5. 0-0 d6 6. c3 0-0 7. h3 Ne7 8. d4 Bb6 9. Re1 Ng6 10. Nbd2 c6 11. Ba4 Bc7 12. Bc2 Re8 13. Nf1 d5 14. Nxe5 Nxe4 15. f3 Nd6 16. f4 Bf5 17. Bxf5 Nxf5 18. Bd2 f6 1/2-1/2

[Event "Budapest Vezerkepzo GM 07"]
[Site "Budapest"]
[Date "2023.07.28"]
[Round "7"]
[White "Gaal, Zsoka"]
[Black "Horvath, Adam"]
[Result "0-1"]
[WhiteElo "2328"]
[BlackElo "2469"]
[PlyCount "86"]
[EventDate "2023.07.24"]
[EventType "swiss"]
[EventRounds "9"]
[EventCountry "HUN"]
[SourceTitle "EXT 2024"]
[Source "ChessBase"]
[SourceDate "2023.10.10"]
[SourceVersion "1"]
[SourceVersionDate "2023.10.10"]
[SourceQuality "1"]

1. Nf3 c5 2. c4 Nc6 3. Nc3 g6 4. e3 Nf6 5. d4 cxd4 6. exd4 d5 7. cxd5 Nxd5 8. Qb3 e6 9. Bb5 Bg7 10. Bg5 Qb6 11. Qa3 f6 12. Nxd5 exd5 13. Bxc6+ bxc6 14. 0-0 Kf7 15. Rfe1 Bf8 16. Qe3 Bd6 17. Bf4 Bb4 18. Re2 Bf5 19. a3 Rhe8 20. Be5 Bf8 21. g4 Bxg4 22. Qf4 Bf5 23. Qh4 Bg7 24. Qxh7 Qd8 25. Rc1 Rh8 26. Ng5+ Kf8 27. Bxf6 Qxf6 28. Qxh8+ Bxh8 29. Nh7+ Kf7 30. Nxf6 Bxf6 31. Rxc6 Bxd4 32. Rc7+ Kf6 33. Rc6+ Kg7 34. h4 Be4 35. Rd2 Bb6 36. Kh2 Rf8 37. Kg3 Rf3+ 38. Kg4 Bxf2 39. h5 gxh5+ 40. Kxh5 Rf4 41. Kg5 Be3 42. Re2 Rf6+ 43. Rxe3 Rxc6 0-1

[Event "Budapest Vezerkepzo GM 07"]
[Site "Budapest"]
[Date "2023.07.26"]
[Round "4"]
[White "Horvath, Adam"]
[Black "Pham, Tran Gia Phuc"]
[Result "1-0"]
[WhiteElo "2469"]
[BlackElo "2314"]
[PlyCount "149"]
[EventDate "2023.07.24"]
[EventType "swiss"]
[EventRounds "9"]
[EventCountry "HUN"]
[SourceTitle "EXT 2024"]
[Source "ChessBase"]
[SourceDate "2023.10.10"]
[SourceVersion "1"]
[SourceVersionDate "2023.10.10"]
[SourceQuality "1"]

1. e4 c5 2. Nf3 d6 3. d4 cxd4 4. Nxd4 Nf6 5. Nc3 Nc6 6. f3 e5 7. Nb3 Be7 8. Be3 Be6 9. Nd5 Nd7 10. Qd2 a5 11. a4 Nb4 12. c3 Nxd5 13. exd5 Bf5 14. Bb5 0-0 15. 0-0 h5 16. f4 exf4 17. Bxf4 Bg6 18. Rae1 Bf6 19. Kh1 Ne5 20. Nd4 h4 21. h3 Rc8 22. Nf3 Rc5 23. Be3 Nc4 24. Bxc4 Rxc4 25. Bd4 Bxd4 26. Nxd4 Rc5 27. Nb5 Rc4 28. Nd4 Rc5 29. Nf3 Rc4 30. b3 Re4 31. Rxe4 Bxe4 32. Ng5 Bg6 33. Qf4 Qc7 34. Ne6 Qe7 35. Nxf8 Kxf8 36. c4 Bd3 37. Rf3 Be4 38. Re3 f5 39. c5 dxc5 40. d6 Qe6 41. Re2 Ke8 42. Rd2 Kd7 43. Qxh4 Bc6 44. Qg3 g6 45. Qh4 Qf7 46. Qh8 Bd5 47. Qe5 Bc6 48. Re2 Bd5 49. Qc3 Kxd6 50. Qxa5 Qh7 51. Qd8+ Kc6 52. Qe8+ Kd6 53. Kg1 Qg7 54. Kh2 Qf6 55. Qb8+ Kc6 56. a5 Qd6+ 57. Qxd6+ Kxd6 58. Rb2 Ke5 59. Kg3 Kd4 60. Rd2+ Ke4 61. Re2+ Kd4 62. Re7 Kc3 63. Rc7 Kb4 64. h4 f4+ 65. Kf2 Be4 66. Rf7 Kxa5 67. Rxf4 Bc2 68. Rc4 Bxb3 69. Rxc5+ Ka4 70. Ke3 b5 71. Kd2 Bf7 72. Kc3 Ka5 73. g4 Kb6 74. Kb4 Be8 75. h5 1-0

[Event "HUN-ch Rapid"]
[Site "Ajka"]
[Date "2023.07.23"]
[Round "11"]
[White "Lagarde, Maxime"]
[Black "Horvath, Adam"]
[Result "1-0"]
[WhiteElo "2599"]
[BlackElo "2469"]
[PlyCount "141"]
[EventDate "2023.07.21"]
[EventType "swiss (rapid)"]
[EventRounds "13"]
[EventCountry "HUN"]
[SourceTitle "CBM 215 Extra"]
[Source "ChessBase"]
[SourceDate "2023.09.30"]
[SourceVersion "1"]
[SourceVersionDate "2023.09.30"]
[SourceQuality "1"]

1. e4 c5 2. Nf3 Nc6 3. d4 cxd4 4. Nxd4 Qb6 5. Nb3 Nf6 6. Nc3 e6 7. a3 Qc7 8. Bd3 a6 9. f4 d6 10. Be3 b5 11. g4 Be7 12. g5 Nd7 13. Qf3 Rb8 14. 0-0 b4 15. Ne2 bxa3 16. bxa3 0-0 17. Qh5 g6 18. Qh6 Re8 19. Rf3 Bf8 20. Qh4 Bg7 21. Raf1 Nf8 22. Nd2 d5 23. Qf2 dxe4 24. Nxe4 e5 25. f5 Bxf5 26. Rxf5 gxf5 27. Qxf5 Nd4 28. Nxd4 exd4 29. Bf4 Qd7 30. Bxb8 Qxf5 31. Rxf5 Rxb8 32. Bxa6 Nd7 33. a4 Rb1+ 34. Rf1 Rb2 35. Bd3 Ne5 36. Ra1 Nxd3 37. cxd3 Be5 38. a5 Bxh2+ 39. Kf1 Bb8 40. a6 Ba7 41. Nd6 Rd2 42. Nc8 Bb8 43. Ne7+ Kg7 44. Nc6 Rb2 45. a7 Bxa7 46. Rxa7 Kg6 47. Nxd4 Kxg5 48. Rxf7 h5 49. Rf2 Rb1+ 50. Ke2 Kg4 51. Nf3 Rb8 52. Ne5+ Kg3 53. Rf7 h4 54. Rg7+ Kf4 55. Ng6+ Kg5 56. Nxh4+ Kxh4 57. d4 Rb3 58. d5 Kh5 59. d6 Kh6 60. Rg1 Rb8 61. Rd1 Kg6 62. Kd3 Kf7 63. Kd4 Rb2 64. Re1 Rd2+ 65. Kc5 Rc2+ 66. Kd5 Rd2+ 67. Kc6 Rc2+ 68. Kd7 Ra2 69. Rf1+ Kg6 70. Ke7 Re2+ 71. Kd8 1-0

[Event "HUN-ch Rapid"]
[Site "Ajka"]
[Date "2023.07.23"]
[Round "10"]
[White "Zentai, Peter1111"]
[Black "Horvath, Adam"]
[Result "0-1"]
[WhiteElo "2235"]
[BlackElo "2469"]
[PlyCount "92"]
[EventDate "2023.07.21"]
[EventType "swiss (rapid)"]
[EventRounds "13"]
[EventCountry "HUN"]
[SourceTitle "CBM 215 Extra"]
[Source "ChessBase"]
[SourceDate "2023.09.30"]
[SourceVersion "1"]
[SourceVersionDate "2023.09.30"]
[SourceQuality "1"]

1. d4 Nf6 2. Nf3 b6 3. e3 Bb7 4. Bd3 g6 5. 0-0 Bg7 6. c4 0-0 7. Nc3 c5 8. d5 e6 9. e4 exd5 10. cxd5 d6 11. h3 Re8 12. Re1 Na6 13. Bf4 Nc7 14. Nd2 Nh5 15. Bh2 Bh6 16. Nc4 Bf4 17. Bxf4 Nxf4 18. Bf1 Rb8 19. Qf3 Nh5 20. g4 b5 21. Nxd6 Qxd6 22. gxh5 Re5 23. Qg3 b4 24. Na4 Rbe8 25. Rac1 Qf6 26. Bg2 Nxd5 27. Nxc5 Rg5 28. Nd7 Qe7 29. exd5 Qxe1+ 30. Rxe1 Rxe1+ 31. Kh2 Rxg3 32. Kxg3 Kg7 33. Nc5 Bc8 34. Bf3 Re5 35. Nd3 Rg5+ 36. Kf4 Rf5+ 37. Ke3 gxh5 38. Nxb4 Re5+ 39. Kd4 Re1 40. h4 Bg4 41. Be4 f5 42. Bd3 f4 43. d6 Kf6 44. Kd5 a5 45. Nc6 Bf3+ 46. Kc5 Rc1+ 0-1

[Event "HUN-ch Rapid"]
[Site "Ajka"]
[Date "2023.07.22"]
[Round "8"]
[White "Dudin, Gleb"]
[Black "Horvath, Adam"]
[Result "1-0"]
[WhiteElo "2498"]
[BlackElo "2469"]
[PlyCount "145"]
[EventDate "2023.07.21"]
[EventType "swiss (rapid)"]
[EventRounds "13"]
[EventCountry "HUN"]
[SourceTitle "CBM 215 Extra"]
[Source "ChessBase"]
[SourceDate "2023.09.30"]
[SourceVersion "1"]
[SourceVersionDate "2023.09.30"]
[SourceQuality "1"]

1. d4 Nf6 2. c4 e6 3. Nf3 Bb4+ 4. Nbd2 0-0 5. a3 Be7 6. e4 d6 7. Be2 Nfd7 8. b4 e5 9. d5 a5 10. Bb2 c6 11. 0-0 Nb6 12. bxa5 Rxa5 13. Bc3 Ra8 14. a4 N6d7 15. Nb3 Na6 16. Nfd2 Ndc5 17. a5 Bg5 18. Bf3 g6 19. Nxc5 Nxc5 20. Nb3 Nxb3 21. Qxb3 c5 22. Qc2 Qe8 23. g3 f5 24. Kg2 Qf7 25. Rab1 Bd8 26. Ra1 Bg5 27. exf5 gxf5 28. Be2 f4 29. f3 Qg7 30. g4 Bd8 31. Bd3 Kh8 32. h3 Qe7 33. Be4 h5 34. Rh1 h4 35. Qe2 Qg7 36. Kh2 Bg5 37. Rab1 Bd8 38. Qd2 Qg5 39. Bc2 Rf7 40. Rhe1 Rg7 41. Rb5 Bc7 42. Qd3 Ra7 43. Reb1 Qd8 44. Qd2 Qf8 45. Qf2 Qf6 46. Be1 Bd8 47. Bc3 Bc7 48. Rg1 Qg5 49. Qd2 Bd7 50. Rb2 Bc8 51. Rgb1 Qd8 52. Rb5 Qg5 53. Be4 Qd8 54. Qf2 Qf6 55. Bc2 Bd8 56. Qd2 Bc7 57. Rb6 Bxb6 58. Rxb6 Ra6 59. Rb5 Qd8 60. Qc1 Kg8 61. Be1 Ra8 62. Qd2 Ra6 63. Bf2 b6 64. axb6 Rxb6 65. Rxb6 Qxb6 66. Bxh4 Qb4 67. Qd3 Ba6 68. Qf5 Qd2+ 69. Kg1 Qc1+ 70. Kg2 Qd2+ 71. Bf2 Qe2 72. Bd3 Qd2 73. Qe6+ 1-0

[Event "HUN-ch Rapid"]
[Site "Ajka"]
[Date "2023.07.22"]
[Round "5"]
[White "Horvath, Adam"]
[Black "Martini, Balazs"]
[Result "1-0"]
[WhiteElo "2469"]
[BlackElo "2341"]
[PlyCount "57"]
[EventDate "2023.07.21"]
[EventType "swiss (rapid)"]
[EventRounds "13"]
[EventCountry "HUN"]
[SourceTitle "CBM 215 Extra"]
[Source "ChessBase"]
[SourceDate "2023.09.30"]
[SourceVersion "1"]
[SourceVersionDate "2023.09.30"]
[SourceQuality "1"]

1. e4 c5 2. Nf3 Nc6 3. Bb5 e6 4. 0-0 Nge7 5. Re1 b6 6. c3 a6 7. Bf1 d5 8. e5 d4 9. d3 Bb7 10. g3 Nf5 11. Nbd2 Be7 12. Ne4 Qc7 13. Bf4 h5 14. Rc1 Rd8 15. Bh3 dxc3 16. bxc3 Kf8 17. Bxf5 exf5 18. Nd6 Rxd6 19. exd6 Bxd6 20. Qe2 g6 21. Bxd6+ Qxd6 22. d4 Kg7 23. dxc5 Qxc5 24. c4 h4 25. Qb2+ f6 26. Qd2 hxg3 27. Qd7+ Kh6 28. hxg3 Ba8 29. Kg2 1-0

[Event "Balatonlelle Rigo Memorial GM 2nd"]
[Site "Balatonlelle"]
[Date "2023.06.22"]
[Round "9"]
[White "Horvath, Adam"]
[Black "Gombocz, Ferenc Jr"]
[Result "1-0"]
[WhiteElo "2472"]
[BlackElo "2324"]
[PlyCount "81"]
[EventDate "2023.06.14"]
[EventType "tourn"]
[EventRounds "9"]
[EventCountry "HUN"]
[EventCategory "6"]
[SourceTitle "CBM 214 Extra"]
[Source "ChessBase"]
[SourceDate "2023.07.31"]
[SourceVersion "1"]
[SourceVersionDate "2023.07.31"]
[SourceQuality "1"]

1. e4 e5 2. Nf3 Nc6 3. d4 exd4 4. Nxd4 Bc5 5. Nb3 Bb6 6. Nc3 Nge7 7. Bg5 f6 8. Bf4 0-0 9. a4 a5 10. Qd2 d6 11. 0-0-0 Be6 12. Be3 Bxe3 13. Qxe3 Qe8 14. f4 f5 15. Nb5 Rc8 16. N3d4 Nxd4 17. Nxd4 Bf7 18. exf5 Nd5 19. Qxe8 Rfxe8 20. g3 Ne3 21. Re1 c5 22. Nb5 Rcd8 23. Bd3 c4 24. Kd2 Ng4 25. Rxe8+ Rxe8 26. Be2 Nf2 27. Re1 Ne4+ 28. Kc1 d5 29. Bf3 Nf6 30. Re5 Rd8 31. Re7 Rd7 32. Rxd7 Nxd7 33. Nd6 Nb6 34. b3 cxb3 35. cxb3 Kf8 36. Kc2 Bg8 37. Nxb7 Ke7 38. Kd3 Kd7 39. Kd4 Kc7 40. Nxa5 Bf7 41. g4 1-0

[Event "Balatonlelle Rigo Memorial GM 2nd"]
[Site "Balatonlelle"]
[Date "2023.06.14"]
[Round "1"]
[White "Shoshin, Kirill"]
[Black "Horvath, Adam"]
[Result "1-0"]
[WhiteElo "2329"]
[BlackElo "2472"]
[PlyCount "69"]
[EventDate "2023.06.14"]
[EventType "tourn"]
[EventRounds "9"]
[EventCountry "HUN"]
[EventCategory "6"]
[SourceTitle "CBM 214 Extra"]
[Source "ChessBase"]
[SourceDate "2023.07.31"]
[SourceVersion "1"]
[SourceVersionDate "2023.07.31"]
[SourceQuality "1"]

1. d4 Nf6 2. c4 e6 3. Nc3 Bb4 4. e3 0-0 5. a3 Bxc3+ 6. bxc3 d6 7. Bd3 e5 8. e4 exd4 9. cxd4 Nxe4 10. Ne2 Re8 11. 0-0 c6 12. Ng3 d5 13. Bxe4 dxe4 14. Re1 Na6 15. Rxe4 Rxe4 16. Nxe4 Bf5 17. Bg5 Qd7 18. Ng3 Bg6 19. h4 h6 20. Be3 Nc7 21. h5 Bh7 22. Qb3 b5 23. Rc1 Re8 24. Qb4 Bd3 25. cxb5 cxb5 26. Qc5 Nd5 27. Bd2 Bc4 28. Bb4 Nf4 29. Qd6 Qg4 30. Qc6 Re6 31. Bd6 Nd3 32. Rf1 Ne1 33. d5 Rf6 34. Rxe1 Kh7 35. Qc5 1-0

[Event "Budapest Vezerkepzo GM-B 03"]
[Site "Budapest"]
[Date "2023.03.24"]
[Round "9"]
[White "Horvath, Adam"]
[Black "Pribelszky, Bence"]
[Result "1-0"]
[WhiteElo "2458"]
[BlackElo "2380"]
[PlyCount "60"]
[EventDate "2023.03.16"]
[EventType "tourn"]
[EventRounds "9"]
[EventCountry "HUN"]
[EventCategory "6"]
[SourceTitle "CBM 213 Extra"]
[Source "ChessBase"]
[SourceDate "2023.05.31"]
[SourceVersion "1"]
[SourceVersionDate "2023.05.31"]
[SourceQuality "1"]

1. e4 c5 2. Nf3 d6 3. d4 cxd4 4. Nxd4 Nf6 5. Nc3 Bd7 6. f3 e5 7. Nb3 Be7 8. Be3 0-0 9. Qd2 a5 10. a4 Na6 11. 0-0-0 Nc7 12. Bb6 Qb8 13. Kb1 Bc6 14. g4 Nd7 15. Bxc7 Qxc7 16. Nb5 Qb8 17. Qe3 Bd8 18. Nxd6 Bxa4 19. Bb5 Bxb3 20. cxb3 Bb6 21. Qg5 Nc5 22. Bc4 Qc7 23. Qxe5 Rad8 24. Rd2 a4 25. Rc1 axb3 26. Rcd1 Rd7 27. g5 Re7 28. Qd5 Ra8 29. Bxb3 Re6 30. e5 Rd8 1-0

[Event "Budapest Vezerkepzo GM-B 03"]
[Site "Budapest"]
[Date "2023.03.22"]
[Round "7"]
[White "Horvath, Adam"]
[Black "Priasmoro, Novendra"]
[Result "1-0"]
[WhiteElo "2458"]
[BlackElo "2521"]
[PlyCount "179"]
[EventDate "2023.03.16"]
[EventType "tourn"]
[EventRounds "9"]
[EventCountry "HUN"]
[EventCategory "6"]
[SourceTitle "CBM 213 Extra"]
[Source "ChessBase"]
[SourceDate "2023.05.31"]
[SourceVersion "1"]
[SourceVersionDate "2023.05.31"]
[SourceQuality "1"]

1. e4 e5 2. Nf3 Nc6 3. Bc4 Nf6 4. d3 Bc5 5. 0-0 d6 6. c3 a5 7. Re1 0-0 8. h3 h6 9. d4 Ba7 10. Bb3 Re8 11. Bc2 exd4 12. cxd4 Nb4 13. Nc3 Nxc2 14. Qxc2 c6 15. a3 Be6 16. Be3 Qd7 17. Nd2 b5 18. b4 a4 19. Rac1 Rac8 20. Ne2 Bb6 21. Ng3 Qa7 22. Nf3 Bb3 23. Qb1 Qd7 24. Nd2 g6 25. Nxb3 axb3 26. Bxh6 Bxd4 27. Qxb3 c5 28. Be3 Nxe4 29. Bxd4 Nxg3 30. Ba1 Nf5 31. bxc5 dxc5 32. Rxe8+ Rxe8 33. Bf6 Qd2 34. Rf1 Qd7 35. Qc3 Re6 36. Qb2 Nd4 37. Bxd4 cxd4 38. Rd1 d3 39. Qc3 Rd6 40. Rd2 Qf5 41. Rd1 Rd8 42. Rd2 Qe4 43. Kh2 Qf4+ 44. Kg1 Qc4 45. Qf6 Re8 46. Kh2 Qc7+ 47. g3 Qd7 48. Qf3 Rd8 49. h4 Kg7 50. Kg2 f6 51. h5 gxh5 52. Qxh5 Rh8 53. Qf3 Qh3+ 54. Kg1 Qe6 55. Kg2 Qh3+ 56. Kg1 Qh2+ 57. Kf1 Re8 58. Rd1 Qh3+ 59. Qg2 Qg4 60. Rd2 Kg6 61. f3 Qc4 62. Qf2 Qc1+ 63. Kg2 Rh8 64. g4 Qh1+ 65. Kg3 Qh4+ 66. Kf4 Qg5+ 67. Kg3 Qe5+ 68. f4 Qe4 69. Rd1 Re8 70. Qf3 Qxf3+ 71. Kxf3 Rd8 72. Ke3 Re8+ 73. Kxd3 Ra8 74. Ke4 Rxa3 75. Rd6 Ra4+ 76. Kf3 Kf7 77. Rb6 Rb4 78. Rb7+ Kg6 79. f5+ Kh6 80. Rf7 Rb3+ 81. Kf4 Rb4+ 82. Kg3 Rc4 83. Rxf6+ Kg7 84. Rb6 b4 85. Kh4 Kh7 86. Kg5 Kg7 87. Rb7+ Kf8 88. f6 Kg8 89. Kf5 b3 90. g5 1-0

[Event "Budapest Vezerkepzo GM-B 03"]
[Site "Budapest"]
[Date "2023.03.18"]
[Round "3"]
[White "Horvath, Adam"]
[Black "Doshi, Moksh Amitbhai"]
[Result "0-1"]
[WhiteElo "2458"]
[BlackElo "2388"]
[PlyCount "65"]
[EventDate "2023.03.16"]
[EventType "tourn"]
[EventRounds "9"]
[EventCountry "HUN"]
[EventCategory "6"]
[SourceTitle "CBM 213 Extra"]
[Source "ChessBase"]
[SourceDate "2023.05.31"]
[SourceVersion "1"]
[SourceVersionDate "2023.05.31"]
[SourceQuality "1"]

1. e4 e5 2. Nf3 Nc6 3. Bc4 Bc5 4. 0-0 Nf6 5. d3 d6 6. c3 a6 7. a4 Ba7 8. Re1 h6 9. Nbd2 0-0 10. h3 Re8 11. b4 Be6 12. Bxe6 Rxe6 13. Bb2 Qd7 14. d4 Ree8 15. Ra3 Rad8 16. Qb1 Ne7 17. c4 Ng6 18. Nf1 c6 19. Ng3 exd4 20. Nxd4 Bxd4 21. Bxd4 Qe6 22. Nf5 d5 23. Nxg7 Kxg7 24. Rf3 Ne5 25. Rf5 Ned7 26. Qc1 dxe4 27. Qf4 Kg6 28. g4 Ng8 29. Rxe4 Qxe4 30. Rxf7 Qb1+ 31. Kg2 Re5 32. Bxe5 Nxe5 33. Rxb7 0-1